书目信息 |
| 题名: |
共产国际第三次代表大会文件
|
|
| 作者: | ;国际共产主义运动史文献编辑委员会 编译 | |
| 分册: | Ⅰ | |
| 出版信息: | 北京 中国人民大学出版社 1988.7 |
|
| 页数: | 486页 | |
| 开本: | 20cm | |
| 丛书名: | ||
| 单 册: | ||
| 中图分类: | D165 | |
| 科图分类: | ||
| 主题词: | 共产国际--代表会议,第三次--文件--1921年 | |
| 电子资源: | ||
| ISBN: | 7-300-00371-0 | |
| 000 | 01033nam0 2200253 45 | |
| 001 | 0189020439 | |
| 005 | 20040427151953.2 | |
| 010 | @a7-300-00371-0@b精装@dCNY7.20 | |
| 020 | @aCN@b89020439 | |
| 100 | @a19910905d1988 m y0chiy0120 ea | |
| 101 | 0 | @achi |
| 102 | @aCN@b110000 | |
| 105 | @ay z 000yy | |
| 106 | @ar | |
| 200 | 10 | @a共产国际第三次代表大会文件@Agong chan guo ji di san ci dai biao da hui wen jian@e1921年6月-7月@hⅠ@f《国际共产主义运史文献》编辑委员会编译@F《 guo ji gong chan zhu yi yun shi wen xian 》 bian ji wei yuan hui bian yi |
| 210 | @a北京@c中国人民大学出版社@d1988.7 | |
| 215 | @a486页@d20cm | |
| 300 | @a国际共产主义运动史文献 | |
| 540 | 1 | @a共产国际 第三次代表 大会 文件@Agong chan guo ji di san ci dai biao da hui wen jian |
| 606 | @a共产国际@x代表会议,第三次@x文件@z1921年 | |
| 690 | @aD165@v1980 | |
| 711 | 02 | @a国际共产主义运动史文献编辑委员会@Aguo ji gong chan zhu yi yun dong shi wen xian bian ji wei yuan hui@4编译 |
| 801 | 0 | @aCN@bNLC@c19910905 |
| 905 | @f1@b215930@dD165@e10:1 | |
| 共产国际第三次代表大会文件:1921年6月-7月.Ⅰ/《国际共产主义运史文献》编辑委员会编译.-北京:中国人民大学出版社,1988.7 |
| 486页;20cm |
| 国际共产主义运动史文献 |
| ISBN 7-300-00371-0(精装):CNY7.20 |
| ● |
| 相关链接 |
|
|
|
|
正题名:共产国际第三次代表大会文件
索取号:D165/10:1
 
预约/预借
| 序号 | 登录号 | 条形码 | 馆藏地/架位号 | 状态 | 备注 |
| 1 | 0215930 | 001011158 | 第一借阅区/ [索取号:D165/10:1] | 在馆 | |
| 2 | 0215931 | 001011167 | 第一样本阅览室/ [索取号:D165/10:1] | 在馆 |